| 000 | 00658nam a2200241Ia 4500 | ||
|---|---|---|---|
| 003 | OSt | ||
| 005 | 20230522162428.0 | ||
| 008 | 210423s2015 xx 000 0 und d | ||
| 020 | _a81-8283-683-2 | ||
| 040 | _cAL | ||
| 041 | _aeng | ||
| 082 |
_a363.7 _223 _b SHAE |
||
| 100 |
_aSHARMA (B K) _9110812 |
||
| 245 | _aEnvironmental chemistry | ||
| 260 |
_aMeerut _bKrishna Prakashan Media (P) Ltd _c2015 |
||
| 300 |
_axvi,--24 _bPB |
||
| 365 |
_b795 _cINR |
||
| 440 |
_aKrishnas educational publishers _9110813 |
||
| 650 |
_aOther Social Problems _9110814 |
||
| 650 |
_aSocial Sciences _9110815 |
||
| 906 | _achemistry ; Environmental | ||
| 942 |
_2ddc _cBK |
||
| 999 |
_c166983 _d166983 |
||